01947nam0a2200325 4500001001800000005001700018010001800035021001800053035002600071100004100097101000800138102000700146105001800153200034500171205002800516210003600544215002700580225024000607320005000847606016600897606014701063686001901210701008001229701009401309701010801403702003901511801002801550801002201578852002101600RU\NLR\bibl\9050620260405125723.0 a5-06-003598-0 aRUb2000-3571 a(NLR Aleph) 000088441 a20000606d1999 |||y0rusy50 ca0 arus aRU aa j |||||1 aОсновы автоматизации машиностроительного производстваeУчеб. для студентов машиностроит. спец. вузовf[Е.Р. Ковальчук, М.Г. Косов, В.Г. Митрофанов и др.]gПод ред. чл.-кор. РАН Ю.М. Соломенцева a2-е изд., испр. aМ.cВысш. школаd1999 a311,[1] с.cил.d211 aСерия "Технология, оборудование и автоматизация машиностроительных производств"fРедкол.: Чл.-кор. РАН Ю.М. Соломенцев (пред.) и др. aБиблиогр.: с. 309-310 (25 назв.)0 aМашиностроениеjРуководства, пособия и т.п. для высшей школыxАвтоматизация3RU\NLR\auth\661267760 aМашиностроениеjУчебные издания для высшей школыxАвтоматизация3RU\NLR\auth\66126776 aК5-5-05я73-1 1aКовальчукbЕ. Р.gЕвгений Ромуальдович4070 140708rus7caaКосовbМ. Г.gМихаил Георгиевич3RU\NLR\auth\7750991 140708rus7caaМитрофановbВ. Г.gВладимир Георгиевич3RU\NLR\auth\7750993 1aСоломенцевbЮ. М.4340 0aRUbNLRc20000606gPSBO 1aRUbNLRc20000606 aNLRj2000-3/4201